00541 a2200181 450000100060000002000150000604000240002110000210004524000550006624500500012130000080017136200090017944000120018865000310020094200070023195201040023899900170034269465 a8508061315 cAnchieta - Itaigara aCarrasco, Walcyr10aO golpe do aniversariante e outras crônicaslpor10aO golpe do aniversariante e outras crônicas a1220 a1998 1aÁtica 4aLiteratura infanto-juvenil cBK 00104070a88.1b88.1d2023-11-21l0o028.5 CAR GOLp1813/ITAr2023-11-21 20:04:02w2023-11-21yBK c69465d69465